MARC

LEADER 00000nas a2200000 a 4500
001 ssj0001454332
003 WaSeSS
005 20200512172242.0
006 m d
007 cr n
008 060824c20079999nyuqr p s 0 a0eng
010 |a  2006214378 
022 |l 1933-0324  |y 1933-0324 
035 |a (WaSeSS)ssj0001454332 
037 |b Nova Publishers, Inc., 400 Oser Ave., Ste. 1600, Hauppauge, NY 11788-3619 
040 |a NSD  |b eng  |c NSD  |d DLC  |d OCLCQ  |d DLC  |d OCLCF  |d OCLCO  |d CUS  |d WaSeSS 
042 |a nsdp  |a pcc 
050 0 0 |a T173.8  |b .J68 
082 1 0 |a 363.7  |2 14 
222 0 |a Journal of nature science and sustainable technology 
245 0 0 |a Journal of nature science and sustainable technology  |h [electronic resource]. 
260 |a Hauppauge, NY :  |b Nova Publishers,  |c 2007- 
310 |a Quarterly 
362 0 |a Vol. 1, no. 1- 
500 |a Title from cover. 
506 |a License restrictions may limit access. 
650 0 |a Technological innovations  |v Periodicals. 
650 0 |a Technology  |x Environmental aspects  |v Periodicals. 
650 0 |a Sustainable engineering  |v Periodicals. 
650 0 |a Environmental sciences  |v Periodicals. 
650 7 |a Environmental sciences.  |2 fast  |0 (OCoLC)fst00913474 
650 7 |a Sustainable engineering.  |2 fast  |0 (OCoLC)fst01739808 
650 7 |a Technological innovations.  |2 fast  |0 (OCoLC)fst01145002 
650 7 |a Technology  |x Environmental aspects.  |2 fast  |0 (OCoLC)fst01145116 
655 0 |a Electronic journals. 
787 0 |t Nature science and sustainable technology compendium  |x 2325-1476  |w (DLC) 2012273628  |w (OCoLC)814052430 
850 |a DLC 
856 4 0 |z Full text available from Research Library: 01/01/2011 to present  |u https://search.proquest.com/publication/2034832